01083nam a2200289Ia 4500001001200000003000800012006001900020007001500039008004100054020001800095020002600113040002100139035002100160050002900181100001700210245007300227246002800300260003700328300002800365533015200393650002200545650003700567655002900604710001700633856012600650999001700776ebr10701864CaPaEBRm o u cr cn|||||||||130525s2012 at a s 000 0 eng d z9780868199672 z9781921429736 (ebook) aCaPaEBRcCaPaEBR a(OCoLC)80880187314aPR9619.3.L39bS86 2012eb1 aLawler, Ray.10aSummer of the seventeenth dollh[electronic resource] /cRay Lawler.3 aSummer of the 17th doll aSydney :bCurrency Press,c2012. a1 v. (unpaged) :bill.  aElectronic reproduction.bPalo Alto, Calif. :cebrary,d2013.nAvailable via World Wide Web.nAccess may be limited to ebrary affiliated libraries. 0aAustralian drama. 0aSugar workerszAustraliavDrama. 7aElectronic books.2local2 aebrary, Inc.40uhttp://site.ebrary.com/lib/rucke/Doc?id=10701864zAn electronic book accessible through the World Wide Web; click to view c20922d20922